书目信息 |
| 题名: |
大战略
|
|
| 作者: | 隋映辉 主编 | |
| 分册: | ||
| 出版信息: | 天津 天津科技翻译出版公司 1989.4 |
|
| 页数: | 319页 | |
| 开本: | 19cm | |
| 丛书名: | ||
| 单 册: | ||
| 中图分类: | C0 | |
| 科图分类: | ||
| 主题词: | 社会科学--理论 , 社会科学--方法论 | |
| 电子资源: | ||
| ISBN: | 7-5433-0065-6 | |
| 000 | 00793nam0 2200241 45 | |
| 001 | 0189014359 | |
| 005 | 20050614164456.0 | |
| 010 | @a7-5433-0065-6@dCNY3.30 | |
| 020 | @aCN@b89014359 | |
| 100 | @a19910304d1989 k y0chiy0120 ea | |
| 101 | 0 | @achi |
| 102 | @aCN@b120000 | |
| 105 | @ay z 000yy | |
| 200 | 10 | @a大战略@Ada zhan lue@f隋映辉主编@Fsui ying hui zhu bian |
| 210 | @a天津@c天津科技翻译出版公司@d1989.4 | |
| 215 | @a319页@d19cm | |
| 330 | @a本书阐述了世界各国的发展战略研究和对策,提出了战略与政策、战略与管理的相关理论,并运用多学科理论与原理,阐述了战略与社会、经济、科技、文化及军事等诸方面的理论与实际问题。 | |
| 606 | 0 | @a社会科学@x理论 |
| 606 | 0 | @a社会科学@x方法论 |
| 690 | @aC0@v3 | |
| 701 | 0 | @a隋映辉@4主编 |
| 801 | 0 | @aCN@bNLC@c19910304 |
| 905 | @dC0@e16@f1@b226043 | |
| 大战略/隋映辉主编.-天津:天津科技翻译出版公司,1989.4 |
| 319页;19cm |
| ISBN 7-5433-0065-6:CNY3.30 |
| 本书阐述了世界各国的发展战略研究和对策,提出了战略与政策、战略与管理的相关理论,并运用多学科理论与原理,阐述了战略与社会、经济、科技、文化及军事等诸方面的理论与实际问题。 |
| ● |
| 相关链接 |
|
|
|
|
正题名:大战略
索取号:C0/16
 
预约/预借
| 序号 | 登录号 | 条形码 | 馆藏地/架位号 | 状态 | 备注 |
| 1 | 0226042 | 001121299 | 第一借阅区/ [索取号:C0/16] | 在馆 | |
| 2 | 0226043 | 001121280 | 第一样本阅览室/ [索取号:C0/16] | 在馆 |